000 00668nam a2200205 i 4500
001 24389
003 ES-MaACL
005 20230906153036.0
007 t|
008 021217s1959 sp ||||1| spa d
245 0 0 _aAntología de cuentistas españoles contemporáneos
_b: (1939-1958) /
_cFrancisco García Pavón.
260 _aMadrid :
_bGredos,
_c[1959] (
_fCóndor)
300 _a399 p. ;
_c19 cm.
490 1 _aBiblioteca románica hispánica
650 4 _aCuentos españoles-
_yS.XX.
_911487
700 1 _aGarcía Pavón, Francisco.
_955085
830 0 _aBiblioteca románica hispánica
_9180746
852 _aES-MaACL
_jC-15780
_bR.43863
999 _c24389
_d24389